000 00502nam a2200193Ia 4500
003 OSt
005 20260225093126.0
008 210210b1960 xxu||||| |||| 00| 0 eng d
040 _cAL
041 _aHindi
082 _a861/173
100 _aSINHA (Ramdhari)
_dसिन्हा (रामधारी)
_9256672
245 _aRenuka
_bरेनुका
260 _aPaTnA
_bUdayachal
_c1960
650 _aREnuka
_9256673
690 _aHindi Poetry
_9256674
906 _a023193
942 _2ddc
_cBK
999 _c148118
_d148118